ABRAHAM LINCOLN : TAHUN-TAHUN AKHIR PERANG

Bibliographic Details
Main Author: Sandburg, Carl , 1878-1967 (Author)
Other Authors: Amin Ahmad (Translator)
Format: Book
Published: Rawang, Selangor : Awal Nahdah Resources 2017
Series:Siri pencerahan Selangor
Subjects:

MARC

LEADER 00000cam a2200000 7i4500
001 0000133145
005 20190717.0
008 190717s2017 my g 001 0 bm
020 |a 9789672117001 
040 |a PERPUSTAM   |b eng   |c PERPUSTAM   |e rda 
090 0 0 |a 973.7092   |b SAN 
100 1 |a Sandburg, Carl ,   |d 1878-1967 ,   |e author 
245 1 0 |a ABRAHAM LINCOLN :   |b TAHUN-TAHUN AKHIR PERANG   |c CARL SANDBURG ; Terjemahan Amin Ahmad 
246 1 3 |a Translation of   |a Abraham Lincoln the war years 
264 1 |a Rawang, Selangor :   |b Awal Nahdah Resources   |c 2017 
300 |a 576 pages ;   |c 21 cm. 
336 |a text, rdacontent 
337 |a unmediated  |2 rdamedia 
338 |a volume  |2 rdacarrier 
490 1 |a Siri Pencerahan Selangor 
500 |a Includes index 
600 0 0 |a Lincoln, Abraham ,   |d 1809-1865 
650 1 0 |a Presidents   |z United States   |v Biography 
700 0 |a Amin Ahmad ,   |e translator 
830 0 |a Siri pencerahan Selangor 
999 |a 0000589976   |b Buku   |c Rak Terbuka   |e Perbadanan Perpustakaan Awam Melaka 
999 |a 0000589977   |b Buku   |c Rak Terbuka   |e Perpustakaan Cawangan Masjid Tanah 
999 |a 0000589978   |b Buku   |c Rak Terbuka   |e Perpustakaan Cawangan Jasin 
999 |a 0000589979   |b Buku   |c Rak Terbuka   |e Perpustakaan Cawangan Merlimau 
999 |a 0000589980   |b Buku   |c Rak Terbuka   |e Perbadanan Perpustakaan Awam Melaka 
999 |a 0000589981   |b Buku   |c Rak Terbuka   |e Perbadanan Perpustakaan Awam Melaka 
999 |a 0000589982   |b Buku   |c Rak Terbuka   |e PK Aeon Jaya Jusco 
999 |a 0000589983   |b Buku   |c Rak Terbuka   |e Perbadanan Perpustakaan Awam Melaka 
999 |a 0000589984   |b Buku   |c Rak Terbuka   |e Perbadanan Perpustakaan Awam Melaka 
999 |a 0000589985   |b Buku   |c Rak Terbuka   |e Perpustakaan Komuniti UTC Melaka 
999 |a 0000589986   |b Buku   |c Rak Terbuka   |e Perpustakaan Desa Asahan 
999 |a 0000589987   |b Buku   |c Rak Terbuka   |e Perpustkaan Desa Lubuk China 
999 |a 0000589988   |b Buku   |c Rak Terbuka   |e Perbadanan Perpustakaan Awam Melaka 
999 |a 0000589989   |b Buku   |c Rak Terbuka   |e Perbadanan Perpustakaan Awam Melaka 
999 |a 0000589990   |b Buku   |c Rak Terbuka   |e PERPUSTAKAAN PENJARA SUNGAI UDANG 
999 |a 0000589991   |b Buku   |c Rak Terbuka   |e Perbadanan Perpustakaan Awam Melaka 
999 |a 0000589992   |b Buku   |c Rak Terbuka   |e Perbadanan Perpustakaan Awam Melaka 
999 |a 0000589993   |b Buku   |c Rak Terbuka   |e Perbadanan Perpustakaan Awam Melaka 
999 |a 0000589994   |b Buku   |c Rak Terbuka   |e Perbadanan Perpustakaan Awam Melaka 
999 |a 0000589995   |b Buku   |c Rak Terbuka   |e Perbadanan Perpustakaan Awam Melaka 
999 |a 0000589996   |b Buku   |c Rak Terbuka   |e Perbadanan Perpustakaan Awam Melaka 
999 |a 0000589997   |b Buku   |c Rak Terbuka   |e Perbadanan Perpustakaan Awam Melaka 
999 |a 0000589998   |b Buku   |c Rak Terbuka   |e Perbadanan Perpustakaan Awam Melaka 
999 |a 0000589999   |b Buku   |c Rak Terbuka   |e Perbadanan Perpustakaan Awam Melaka 
999 |a 0000590000   |b Buku   |c Rak Terbuka   |e Perbadanan Perpustakaan Awam Melaka 
999 |a 0000590001   |b Buku   |c Rak Terbuka   |e Perbadanan Perpustakaan Awam Melaka 
999 |a 0000590002   |b Buku   |c Rak Terbuka   |e Perbadanan Perpustakaan Awam Melaka 
999 |a 0000590003   |b Buku   |c Rak Terbuka   |e Perbadanan Perpustakaan Awam Melaka 
999 |a 0000590004   |b Buku   |c Rak Terbuka   |e Perbadanan Perpustakaan Awam Melaka 
999 |a 0000590005   |b Buku   |c Rak Terbuka   |e Perbadanan Perpustakaan Awam Melaka 
999 |a 0000590006   |b Buku   |c Rak Terbuka   |e Perbadanan Perpustakaan Awam Melaka 
999 |a 0000590007   |b Buku   |c Rak Terbuka   |e Perbadanan Perpustakaan Awam Melaka 
999 |a 0000590008   |b Buku   |c Rak Terbuka   |e Perbadanan Perpustakaan Awam Melaka 
999 |a 0000590009   |b Buku   |c Rak Terbuka   |e Perbadanan Perpustakaan Awam Melaka 
999 |a 0000590010   |b Buku   |c Rak Terbuka   |e Perbadanan Perpustakaan Awam Melaka 
999 |a 0000590011   |b Buku   |c Rak Terbuka   |e Perbadanan Perpustakaan Awam Melaka 
999 |a 0000590012   |b Buku   |c Rak Terbuka   |e Perbadanan Perpustakaan Awam Melaka 
999 |a 0000590013   |b Buku   |c Rak Terbuka   |e Perbadanan Perpustakaan Awam Melaka 
999 |a 0000590014   |b Buku   |c Rak Terbuka   |e Perbadanan Perpustakaan Awam Melaka